LEADER 02541oam 2200697 450 001 9910709877003321 005 20180725090502.0 035 $a(CKB)5470000002473484 035 $a(OCoLC)785108283 035 $a(EXLCZ)995470000002473484 100 $a20120408j198702 ua 0 101 0 $aeng 135 $aurbn||||||abp 181 $ctxt$2rdacontent 182 $cc$2rdamedia 183 $acr$2rdacarrier 200 10$aDynamic characteristics of a vibrating beam with periodic variation in bending stiffness /$fJohn S. Townsend 210 1$aWashington, D.C. :$cNational Aeronautics and Space Administration, Scientific and Technical Information Branch,$dFebruary 1987. 215 $a1 online resource (vi, 17 pages) $cillustrations 225 1 $aNASA/TP ;$v2697 300 $a"February 1987." 300 $aPrepared at the Structures and Dynamics Laboratory, George C. Marshall Space Flight Center. 320 $aIncludes bibliographical references (page 17). 606 $aDynamic characteristics$2nasat 606 $aBeams (supports)$2nasat 606 $aBending$2nasat 606 $aModal response$2nasat 606 $aStiffness$2nasat 606 $aGirders$xMathematical models 606 $aFlexure$xMathematical models 606 $aVibration$xMathematical models 606 $aFlexure$xMathematical models$2fast 606 $aGirders$xMathematical models$2fast 606 $aVibration$xMathematical models$2fast 615 7$aDynamic characteristics. 615 7$aBeams (supports) 615 7$aBending. 615 7$aModal response. 615 7$aStiffness. 615 0$aGirders$xMathematical models. 615 0$aFlexure$xMathematical models. 615 0$aVibration$xMathematical models. 615 7$aFlexure$xMathematical models. 615 7$aGirders$xMathematical models. 615 7$aVibration$xMathematical models. 700 $aTownsend$b J. S$g(John Stanley),$01403314 712 02$aUnited States.$bNational Aeronautics and Space Administration.$bScientific and Technical Information Branch, 712 02$aGeorge C. Marshall Space Flight Center.$bStructures and Dynamics Laboratory. 801 0$bOCLCE 801 1$bOCLCE 801 2$bOCLCQ 801 2$bOCLCO 801 2$bOCLCF 801 2$bOCLCQ 801 2$bOCLCO 801 2$bOCLCQ 801 2$bGPO 906 $aBOOK 912 $a9910709877003321 996 $aDynamic characteristics of a vibrating beam with periodic variation in bending stiffness$93475699 997 $aUNINA LEADER 03189oam 2200409 450 001 9910141829703321 005 20170523091549.0 035 $a(OCoLC)821684271 035 $a(MiFhGG)GVRL6AOG 035 $a(EXLCZ)992670000000396071 100 $a20120613d2013 uy 0 101 0 $aeng 135 $aurun|---uuuua 181 $ctxt 182 $cc 183 $acr 200 00$aAbortion /$fNoel Merino, book editor 210 1$aDetroit, Mich. :$cGreenhaven Press,$d2013. 215 $a1 online resource (164 pages) $cillustrations (chiefly color) 225 1 $aTeen rights and freedoms 300 $aBibliographic Level Mode of Issuance: Monograph 311 $a0-7377-6397-3 311 $a0-7377-6810-X 320 $aIncludes bibliographical references and index. 327 $aThe Supreme Court decriminalized abortion in Roe v. Wade / J. Shoshanna Ehrlich -- Public opinion on abortion is influenced by science and ethics / Bonnie Steinbock -- The right to privacy protects a woman's right to choose abortion : the Supreme Court's decision / Harry Blackmun -- Requiring parental or spousal consent for abortion is unconstitutional : the Supreme Court's decision / Harry Blackmun -- States may require parental consent for abortion if an alternative form of authorization is also available : the Supreme Court's decision / Lewis F. Powell Jr. -- States may enact abortion restrictions that do not pose substantial obstacles : the Supreme Court's decision / Sandra Day O'Connor -- Parental involvement laws for abortion protect minors / Mailee R. Smith -- Mandatory parental-involvement laws threaten young women's safety / NARAL Pro-Choice America -- Parental involvement laws reduce minors' abortion rate / Michael New -- The impact of laws requiring parental involvement for abortion : a literature review / Amanda Dennis, Stanley K. Henshaw, Theodore J. Joyce, Lawrence B. Finer, and Kelly Blanchard -- Beyond apocalypse and apology : a moral defense of abortion / Caitlin Borgmann and Catherine Weiss -- There is a growing aversion to abortion, especially among teens / Steve Chapman -- The attorney who successfully argued Roe v. Wade recounts her experience : personal narrative / Sarah Weddington, interviewed by Martha Burk -- The plaintiff from Roe v. Wade explains her conversion against abortion : personal narrative -- Norma Mccorvey, interviewed by Frank Pavone -- A doctor who performs abortions reflects on her experience : personal narrative / Susan Wicklund, interviewed by Eryn Loeb. 330 $aExamines a broad range of perceived or actual legal rights and freedoms that impact the lives of young American teens. This volume focuses on the ways in which states may place restrictions on abortion for minors that are not required for adult women, including the constitutional right to privacy. 410 0$aTeen rights and freedoms. 606 $aAbortion$xLaw and legislation$zUnited States 615 0$aAbortion$xLaw and legislation 676 $a342.7308/4 702 $aMerino$b Noel 801 0$bMiFhGG 801 1$bMiFhGG 906 $aBOOK 912 $a9910141829703321 996 $aAbortion$91891065 997 $aUNINA